#1 UK Hits of the 1990s - Statistics

General Stats
  • This quiz has been taken 1,059 times
  • The average score is 109 of 207
Answer Stats
Year Song Artist % Correct
1993 Five Live George Michael & Queen with Lisa Stansfield
95%
1997 Blood on the Dance Floor Michael Jackson
93%
1995 Earth Song Michael Jackson
93%
1995 You Are Not Alone Michael Jackson
93%
1991 Black or White Michael Jackson
93%
1998 Goodbye Spice Girls
93%
1998 Viva Forever Spice Girls
93%
1997 Too Much Spice Girls
93%
1997 Spice Up Your Life Spice Girls
93%
1997 Mama/Who Do You Think You Are Spice Girls
93%
1996 2 Become 1 Spice Girls
93%
1996 Say You'll Be There Spice Girls
93%
1996 Wannabe Spice Girls
93%
1998 Frozen Madonna
92%
1990 Vogue Madonna
92%
1999 ... Baby One More Time Britney Spears
90%
1998 My Heart Will Go On Celine Dion
89%
1995 Think Twice Celine Dion
89%
1997 Candle in the Wind 1997/Something About the Way You Look Tonight Elton John
89%
1990 Sacrifice/Healing Hands Elton John
89%
1999 Livin' la Vida Loca Ricky Martin
89%
1991 Bohemian Rhapsody/These Are the Days of Our Lives Queen
88%
1991 Innuendo Queen
88%
1998 Believe Cher
87%
1991 The Shoop Shoop Song (It's in His Kiss) Cher
87%
1995 Love Can Build a Bridge Cher, Chrissie Hynde & Neneh Cherry with Eric Clapton
87%
1992 I Will Always Love You Whitney Houston
87%
1998 All Around the World Oasis
85%
1997 D'You Know What I Mean? Oasis
85%
1996 Don't Look Back in Anger Oasis
85%
1995 Some Might Say Oasis
85%
1999 Genie in a Bottle Christina Aguilera
84%
1995 Gangsta's Paradise Coolio
84%
1990 Ice Ice Baby Vanilla Ice
82%
1998 Turn Back Time Aqua
81%
1998 Doctor Jones Aqua
81%
1997 Barbie Girl Aqua
81%
1999 I Want It That Way Backstreet Boys
81%
1990 Nothing Compares 2 U Sinead O'Connor
81%
1997 Men in Black Will Smith
81%
1996 Fastlove George Michael
80%
1996 Jesus to a Child George Michael
80%
1991 (Everything I Do) I Do It For You Bryan Adams
79%
1997 MMMBop Hanson
79%
1993 Relight My Fire Take That feat. Lulu
79%
1997 Don't Speak No Doubt
78%
1996 How Deep Is Your Love Take That
78%
1995 Never Forget Take That
78%
1995 Back for Good Take That
78%
1994 Sure Take That
78%
1994 Everything Changes Take That
78%
1993 Babe Take That
78%
1993 Pray Take That
78%
1993 I'd Do Anything For Love (But I Won't Do That) Meat Loaf
76%
1999 She's the One/It's Only Us Robbie Williams
73%
1998 Millennium Robbie Williams
73%
1996 Ready or Not Fugees
72%
1996 Killing Me Softly Fugees
72%
1997 I Believe I Can Fly R. Kelly
72%
1995 Boombastic Shaggy
72%
1993 Oh Carolina Shaggy
72%
1997 Beetlebum Blur
71%
1995 Country House Blur
71%
1999 Mambo No.5 Lou Bega
67%
1991 Don't Let the Sun Go Down on Me George Michael & Elton John
66%
1996 Breathe The Prodigy
66%
1996 Firestarter The Prodigy
66%
1999 Praise You Fatboy Slim
65%
1990 Do They Know It's Christmas Band Aid II
63%
1992 End of the Road Boyz II Men
62%
1997 Teletubbies say "Eh-oh!" Teletubbies
62%
1999 I Have a Dream/Seasons in the Sun Westlife
62%
1999 Flying Without Wings Westlife
62%
1999 If I Let You Go Westlife
62%
1999 Swear It Again Westlife
62%
1993 All That She Wants Ace of Base
61%
1999 We're Going to Ibiza Vengaboys
61%
1999 Boom Boom Boom Boom Vengaboys
61%
1999 You Needed Me Boyzone
60%
1999 When the Going Gets Tough Boyzone
60%
1998 No Matter What Boyzone
60%
1998 All That I Need Boyzone
60%
1996 A Different Beat Boyzone
60%
1996 Words Boyzone
60%
1994 Love Is All Around Wet Wet Wet
58%
1992 Goodnight Girl Wet Wet Wet
58%
1997 The Drugs Don't Work The Verve
57%
1994 Without You Mariah Carey
56%
1997 Discotheque U2
56%
1991 The Fly U2
56%
1999 When You Say Nothing at All Ronan Keating
55%
1998 Bootie Call All Saints
54%
1998 Under the Bridge/Lady Marmalade All Saints
54%
1998 Never Ever All Saints
54%
1999 The Millennium Prayer Cliff Richard
54%
1990 Saviour's Day Cliff Richard
54%
1994 Stay Another Day East 17
54%
1994 The Most Beautiful Girl in the World Prince
54%
1997 I'll Be Missing You Puff Daddy & Faith Evans feat. 112
54%
1991 Should I Stay or Should I Go/Rush The Clash/Big Audio Dynamite II
54%
1990 Hangin' Tough New Kids on the Block
53%
1999 Pretty Fly (for a White Guy) The Offspring
53%
1995 Cotton Eye Joe Rednex
52%
1998 3 Lions '98 Baddiel, Skinner & The Lightning Seeds
51%
1996 Three Lions Baddiel, Skinner & The Lightning Seeds
51%
1999 Blame It on the Weatherman B*Witched
51%
1998 To You I Belong B*Witched
51%
1998 Rollercoaster B*Witched
51%
1998 C'est La Vie B*Witched
51%
1999 Blue (Da Ba Dee) Eiffel 65
48%
1996 Ooh Aah... Just a Little Bit Gina G
48%
1998 If You Tolerate This Your Children Will Be Next Manic Street Preachers
48%
1993 Mr Blobby Mr Blobby
48%
1999 Bring It All Back S Club 7
48%
1995 Fairground Simply Red
48%
1993 (I Can't Help) Falling in Love With You UB40
48%
1998 Brimful of Asha (The Norman Cook Remix) Cornershop
47%
1992 Deeply Dippy Right Said Fred
47%
1999 Maria Blondie
46%
1991 Do the Bartman The Simpsons
46%
1996 Breakfast at Tiffany's Deep Blue Something
45%
1990 Unchained Melody The Righteous Brothers
45%
1990 Killer Adamski feat. Seal
44%
1994 Things Can Only Get Better D:Ream
44%
1992 Rhythm Is a Dancer Snap!
44%
1990 The Power Snap!
44%
1994 Saturday Night Whigfield
44%
1998 Girlfriend Billie
43%
1998 Because We Want To Billie
43%
1996 What Becomes of the Brokenhearted/Saturday Night at the Movies/You'll Never Walk Alone Robson & Jerome
43%
1995 I Believe/Up on the Roof Robson & Jerome
43%
1995 Unchained Melody/(There'll Be Bluebirds Over) The White Cliffs of Dover Robson & Jerome
43%
1999 Lift Me Up Geri Halliwell
42%
1999 Mi Chico Latino Geri Halliwell
42%
1999 Heartbeat/Tragedy Steps
42%
1999 Chocolate Salty Balls (P.S. I Love You) Chef
41%
1991 Any Dream Will Do Jason Donovan
39%
1998 It's Like That Run-D.M.C. vs. Jason Nevins
39%
1997 Block Rockin' Beats The Chemical Brothers
39%
1996 Setting Sun The Chemical Brothers
39%
1993 No Limit 2 Unlimited
38%
1991 The One and Only Chesney Hawkes
38%
1990 Tears on My Pillow Kylie Minogue
38%
1996 Return of the Mack Mark Morrison
38%
1999 Keep on Movin' Five
37%
1991 Bring Your Daughter... to the Slaughter Iron Maiden
36%
1999 Fly Away Lenny Kravitz
36%
1993 Living on My Own Freddie Mercury
34%
1993 Dreams Gabrielle
34%
1992 Would I Lie to You? Charles & Eddie
32%
1997 Professional Widow Tori Amos
32%
1997 I Wanna Be the Only One Eternal feat. BeBe Winans
31%
1994 Come On You Reds Manchester United F.C.
31%
1991 I Wanna Sex You Up Color Me Badd
30%
1992 Abba-esque Erasure
30%
1998 Deeper Underground Jamiroquai
30%
1992 Ebeneezer Goode The Shamen
30%
1991 Dizzy Vic Reeves & The Wonder Stuff
30%
1995 Boom Boom Boom Outhere Brothers
29%
1995 Don't Stop (Wiggle Wiggle) Outhere Brothers
29%
1993 Young at Heart The Bluebells
29%
1998 You Make Me Wanna Usher
29%
1993 Mr Vain Culture Beat
28%
1992 Sleeping Satellite Tasmin Archer
28%
1990 The Joker The Steve Miller Band
28%
1996 Spaceman Babylon Zoo
27%
1991 3 a.m. Eternal The KLF
27%
1991 Sadeness (Part I) Enigma
26%
1990 Show Me Heaven Maria McKee
26%
1992 Stay Shakespears Sister
26%
1990 A Little Time The Beautiful South
26%
1994 Doop Doop
25%
1999 Perfect Moment Martine McCutcheon
24%
1994 Let Me Be Your Fantasy Baby D
23%
1992 Ain't No Doubt Jimmy Nail
23%
1997 You're Not Alone Olive
22%
1993 Boom! Shake the Room DJ Jazzy Jeff & The Fresh Prince
21%
1997 Your Woman White Town
21%
1999 9pm (Till I Come) ATB
20%
1997 Love Won't Wait Gary Barlow
20%
1996 Forever Love Gary Barlow
20%
1999 Flat Beat Mr. Oizo
20%
1994 Baby Come Back Pato Banton
19%
1997 Perfect Day Various Artists
19%
1999 Everybody's Free (To Wear Sunscreen) Baz Luhrmann
18%
1990 World in Motion England New Order
18%
1994 Inside Stiltskin
18%
1999 King of My Castle Wamdue Project
18%
1991 The Stonk Hale and Pace
17%
1996 I Feel You Peter Andre
17%
1996 Flava Peter Andre
17%
1990 Dub Be Good to Me Beats International
16%
1994 Twist and Shout Chaka Demus & Pliers
16%
1998 Freak Me Another Level
15%
1998 I Want You Back Melanie B feat. Missy Elliott
15%
1996 Knockin' on Heaven's Door/Throw These Guns Away Dunblane
14%
1995 Dreamer Livin' Joy
14%
1990 Itsy Bitsy Teenie Weenie Yellow Polka Dot Bikini Bombalurina
13%
1992 Please Don't Go/Game Boy KWS
13%
1999 Sweet Like Chocolate Shanks & Bigfoot
13%
1990 Turtle Power Partners in Kryme
12%
1998 Feel It The Tamperer featuring Maya
12%
1994 The Real Thing Tony Di Bart
12%
1999 A Little Bit More 911
10%
1999 You Don't Know Me Armand Van Helden feat. Duane Harden
9%
1997 Ain't Nobody LL Cool J
9%
1998 Gym and Tonic Spacedust
7%
No matching quizzes found
Score Distribution
Percent of People with Each Score
Percentile by Number Answered
Your Score History
You have not taken this quiz